| 000 | 00354nam a22001337a 4500 | ||
|---|---|---|---|
| 020 | _a9781781973080 | ||
| 040 | _cNUST | ||
| 082 | _a641.5622 BAB | ||
| 100 |
_aIgloo Books _9111467 |
||
| 245 |
_aBaby & Toddler Recipes: _bQuick, Easy and Healthy |
||
| 260 |
_aSywell: _bIgloo Books Ltd _c2015. |
||
| 650 |
_aToddlers--Nutrition _9111470 |
||
| 942 |
_2ddc _cBK |
||
| 999 |
_c594344 _d594344 |
||